| 000 | 00353nam a22001337a 4500 | ||
|---|---|---|---|
| 020 | _a9788123916866 | ||
| 082 |
_222 _a629.8 |
||
| 100 | _aJairath, A.K. | ||
| 245 |
_aProblems and solutions of control systems _bwith essential theory / |
||
| 250 | _a5th. | ||
| 260 |
_aNew Delhi, _bCBS, _cc2001 |
||
| 300 |
_axii. 544p. ; _bill. ; _c22 cm. |
||
| 942 |
_2ddc _cEE _08 |
||
| 999 |
_c386 _d386 |
||